Road Songs - Statistics

General Stats
  • This quiz has been taken 38 times
    23 since last reset
  • The average score is 8 of 18
Answer Stats
Artist Song Title % Correct
Elton John Goodbye {Yellow} {Brick} Road
100%
Beatles {Penny} Lane
100%
Gerry Rafferty {Baker} Street
90%
Eddy Grant {Electric} Avenue
86%
Bruce Springsteen {Thunder} Road
57%
America {Ventura} Highway
48%
Steve Earle {Copperhead} Road
43%
Suzi Quatro {Devil} {Gate} Drive
43%
Duffy {Warwick} Avenue
43%
Lighthouse Family {Ocean} Drive
38%
Bob Seger {Main} Street
33%
The Jam 'A' Bomb on {Wardour} Street
29%
Jan and Dean {Deadman's} Curve
29%
Rod Stewart {Gasoline} Alley
29%
10 cc {Wall} Street Shuffle
24%
Nashville Teens {Tobacco} Road
14%
Dire Straits {Telegraph} Road
10%
Gordon Lightfoot On {Yonge} Street
5%
No matching quizzes found
Score Distribution
Percent of People with Each Score
Percentile by Number Answered
Your Score History
You have not taken this quiz since the last reset